000 00389nmm a2200145Ia 4500
008 251105s9999||||xx |||||||||||||||||und||
041 _aspa
100 _aJenner, Isabel
245 0 _aOriente en tus ojos
264 _a[Madrid, España] :
_bEdiciones B,
_c2017
300 _a332 páginas
650 _aRomance
856 _uhttps://public.digitaliapublishing.com/a/54538
942 _cCF
999 _c106415
_d106415